Historia del grupo Nuevo Cine /
Guardado en:
| 主要作者: | |
|---|---|
| 其他作者: | , , , , , , , , |
| 格式: | |
| 語言: | 西班牙语 |
| 出版: |
México :
UNAM, Dirección General de Televisión Universitaria : Academia Mexicana de Artes y Ciencias Cinematográficas,
2015, c2015
|
| 主題: | |
| 標簽: |
沒有標簽, 成為第一個標記此記錄!
|
MARC
| LEADER | 00000ngm^a2200000^a^4500 | ||
|---|---|---|---|
| 001 | 000365118 | ||
| 005 | 20251126151102.0 | ||
| 009 | 20260310115633.927 | ||
| 037 | |a Acervo ITESO - Biblioteca | ||
| 041 | |a ESP | ||
| 082 | |a 302. 23505 |b NUE DVD | ||
| 100 | |a Guerra, Blanca |e (producción ejecutiva) | ||
| 240 | 1 | 1 | |a [Nuevo Cine] |
| 245 | 1 | 0 | |a Historia del grupo Nuevo Cine / |c Prod. ejecutiva de B. Guerra, E. Velázquez Briseño ; realización de J. Kuri Aiza, C. Isaac. |
| 264 | 4 | |a México : |b UNAM, Dirección General de Televisión Universitaria : |b Academia Mexicana de Artes y Ciencias Cinematográficas, |c 2015, c2015 | |
| 264 | 2 | |a México : |b UNAM, Dirección General de Televisión Universitaria [distribución], |c fecha no identificada | |
| 300 | |a 1 DVD sin dato de región (49 min.) : |b color | ||
| 336 | |a imagen móvil bidimensional |b tdi |2 rdacontenido | ||
| 337 | |a video |b v |2 rdamedio | ||
| 338 | |a videodisco |b vd |2 rdasoporte | ||
| 649 | |a XX | ||
| 650 | |a Documentales | ||
| 650 | |a Cortometrajes y Mediometrajes Mexicanos | ||
| 650 | |a Televisión - |z México - |y 2010-2019 | ||
| 650 | |a Televisión - |z México - |y Siglo XXI | ||
| 650 | |a Cine - |x Publicaciones Periódicas Mexicanas - |x Historia y Crítica - |x Tema Principal | ||
| 650 | |a Cine Mexicano - |x Historia y Crítica | ||
| 650 | |a Cine Mexicano - |y 1960-1969 | ||
| 650 | |a Cine Mexicano - |y Siglo XX | ||
| 650 | |a Cine - |z México - |x Historia y Crítica - |x Tema Principal | ||
| 650 | |a Cine - |x Historia y Crítica | ||
| 650 | |a Cine - |y 1960-1969 | ||
| 650 | |a Cine - |y Siglo XX | ||
| 650 | |a Nuevo Cine (Colectivo) - |x Tema Principal | ||
| 700 | |a Velázquez Briseño, Ernesto |e (producción ejecutiva) | ||
| 700 | |a Kuri Aiza, Jaime |e (realización) | ||
| 700 | |a Isaac, Claudio |e (realización) | ||
| 700 | |a Vega Alfaro, Eduardo de la |e (investigación) | ||
| 700 | |a Corro Millán, Genoveva |e (investigación) | ||
| 700 | |a Camacho, Angel |e (fotógrafo) | ||
| 700 | |a González, Adán |e (fotógrafo) | ||
| 700 | |a Kuri Aiza, Jaime |e (montaje) | ||
| 700 | |a González de León, Emiliano |e (música) | ||
| 910 | |a Fondo General | ||
| 920 | |a Audiovisuales - DVDs | ||
| 905 | |a 302 | ||
| 901 | |a 0500251336 |b IT2 |c DVS |i D73678 |u 20250521 | ||
| 902 | |a https://opac.biblio.iteso.mx/vufind/Record/000365118 | ||